Luidji-Gisèle - Statistiques

Statistiques générales
  • Ce quiz a été pris 645 fois
  • Le résultat moyen est 236 sur 313
Statistiques - réponses
Réponse % Correct
ne
99%
que
99%
à
98%
c'
98%
ça
98%
le
98%
les
98%
pour
98%
tu
98%
vis
97%
caméras
96%
de
96%
photo
93%
appareils
91%
autres
90%
des
90%
et
90%
regard
90%
chanel
88%
coco
88%
Gisèle
88%
miroirs
87%
je
86%
te
86%
tout
85%
84%
mais
82%
est
79%
oh
77%
toi
77%
si
76%
champagne
73%
faire
73%
misère
73%
oui
73%
changer
72%
quelle
72%
virtuel
72%
ce
71%
chez
71%
gogo
71%
j'essaye
71%
ferrari
70%
dans
66%
ton
66%
pas
65%
fake
64%
père
64%
jaunes
63%
plus
63%
déteste
62%
jupes
61%
encore
60%
fesses
60%
soir
60%
tes
60%
un
60%
nuits
59%
courtes
58%
incarnes
58%
tous
58%
aussi
57%
ces
57%
mystère
57%
veux
57%
aucun
54%
par
54%
donner
53%
mecs
50%
nous
50%
seul
50%
vas
50%
doigtes
48%
ignorer
48%
jures
48%
montres
48%
n'as
48%
du
45%
car
42%
rentrer
42%
mat
41%
cinq
40%
jusqu'à
40%
la
40%
l'éclate
38%
cheum
36%
ouais
36%
seule
35%
n'est
33%
carrera
31%
c'est
30%
on
30%
peine
30%
hommes
29%
mort
29%
cul
28%
peur
28%
qu'on
28%
elles
27%
quarantaine
27%
bref
26%
joli
25%
savent
25%
ont
24%
veulent
24%
qu'ils
23%
abordes
22%
avec
17%
ils
17%
peuvent
14%
coup
13%
donnent
12%
sens
12%
champagnes
11%
j'me
9%
parce
8%
qu'avec
8%
s'sent
4%
Aucun quiz correspondant
Distribution des résultats
% des personnes avec chaque résultat
Percentile par nombre de réponses
Votre historique - résultats
Vous n’avez pas pris ce quiz